La catedral de Sevilla / (Record no. 76234)

MARC details
000 -LEADER
campo de control de longitud fija 00590nam a2200193 i 4500
001 - NÚMERO DE CONTROL
campo de control 76234
003 - IDENTIFICADOR DE NÚMERO DE CONTROL
campo de control ES-MaACL
005 - FECHA Y HORA DE LA ÚLTIMA TRANSACCIÓN
campo de control 20230906172750.0
007 - CAMPO FIJO DE DESCRIPCIÓN FÍSICA--INFORMACIÓN GENERAL
campo de control de longitud fija t|
008 - DATOS DE LONGITUD FIJA--INFORMACIÓN GENERAL
campo de control de longitud fija 040930s1954 sp ||||1| spa d
100 1# - ENTRADA PRINCIPAL--NOMBRE DE PERSONA
Nombre de persona Guerrero Lovillo, José.
9 (RLIN) 60576
245 13 - MENCIÓN DEL TÍTULO
Título La catedral de Sevilla /
Mención de responsabilidad, etc. por José Guerrero Lovillo.
260 ## - PUBLICACIÓN, DISTRIBUCIÓN, ETC.
Lugar de publicación, distribución, etc. Barcelona :
Nombre del editor, distribuidor, etc. José Mª Bosch,
Fecha de publicación, distribución, etc. 1954 (
Fabricante Vda. de Daniel Cochs)
300 ## - DESCRIPCIÓN FÍSICA
Extensión 16 p., 48 lám. ;
Dimensiones 16 cm.
490 1# - MENCIÓN DE SERIE
Mención de serie Guías de Arte Bosch
830 0# - PUNTO DE ACCESO ADICIONAL DE SERIE-TÍTULO UNIFORME
Título uniforme Guías de Arte Bosch
9 (RLIN) 231283
852 ## - LOCALIZACIÓN
Ubicación ES-MaACL
Número de control de estantería 1975-F-8
Sublocalización o colección R.36282
Holdings
Estatus retirado Estado de pérdida Estado de daño No para préstamo Colección Biblioteca de origen Biblioteca actual Ubicación en estantería Fecha de adquisición Fuente de adquisición Total de préstamos Signatura topográfica completa Código de barras Visto por última vez Precio de reemplazo Tipo de ítem Koha
        Colección de folletos Biblioteca del Ateneo de Madrid Biblioteca del Ateneo de Madrid Depósito folletos 17/01/2008     1975-F-8 1079784 23/02/2023 23/02/2023 Folleto